| 000 | 00921cam a2200145ua 4500 | ||
|---|---|---|---|
| 041 |
_aeng _h |
||
| 082 |
_a693.81 _bIND/ME |
||
| 110 | 1 |
_aIndian standards institution . _bISI _c() |
|
| 245 | 0 | 0 | _aMethod of measurement of building and civil engineering works. Part-8 steel work and iron work,IS:1200-1974 |
| 260 |
_aNew Delhi : _bIndian Standards Institution , _c1983. |
||
| 300 | _a12 ; . | ||
| 504 | _a | ||
| 942 | _cBK | ||
| 999 |
_c4588 _d4588 |
||